000 00559nam a2200205Ia 4500
005 20250923145937.0
008 008 250917s9999 xx 000 0 eng d
037 _aTextual
040 _aDSWL
_beng
_cDSWL
041 _aeng
_2eng
084 _aL:573, N96
_qDSWL
100 _aPooja, Talikoti
_9840562
245 0 _aDiet, Nutrition and health
_c by Talikoti Pooja
260 _aJaipur
_b India Printwell
_c1996
300 _a123p.
365 _aINR
_b200.00
925 _g200.00
942 _cTEXL
_hL:573, N96
999 _c1457642
_d1457642